[Event "Terre degli Elimi op 5th"]
[Site "Erice"]
[Date "2014.07.25"]
[Round "9"]
[White "Lewyk, Ihor"]
[Black "Violi, Vincenzo"]
[Result "1/2-1/2"]
[WhiteElo "2069"]
[BlackElo "1839"]
[PlyCount "24"]
[EventDate "2014.07.19"]
[EventType "swiss"]
[EventRounds "9"]
[EventCountry "ITA"]
[SourceTitle "CBM 161 Extra"]
[Source "ChessBase"]
[SourceDate "2014.08.29"]
[SourceVersion "1"]
[SourceVersionDate "2014.08.29"]
[SourceQuality "1"]

1. Nf3 c5 2. c4 g6 3. g3 Bg7 4. Bg2 Nc6 5. Nc3 e5 6. d3 Nge7 7. 0-0 d6 8. Bg5 h6 9. Bd2 0-0 10. a3 a5 11. Ne1 Be6 12. Nd5 f5 1/2-1/2

[Event "Terre degli Elimi op 5th"]
[Site "Erice"]
[Date "2014.07.24"]
[Round "8"]
[White "Violi, Vincenzo"]
[Black "Peat, Matthew"]
[Result "1/2-1/2"]
[WhiteElo "1839"]
[BlackElo "2056"]
[PlyCount "36"]
[EventDate "2014.07.19"]
[EventType "swiss"]
[EventRounds "9"]
[EventCountry "ITA"]
[SourceTitle "CBM 161 Extra"]
[Source "ChessBase"]
[SourceDate "2014.08.29"]
[SourceVersion "1"]
[SourceVersionDate "2014.08.29"]
[SourceQuality "1"]

1. e4 c6 2. d4 d5 3. e5 Bf5 4. h4 h5 5. Bg5 Qb6 6. Bd3 Bxd3 7. Qxd3 e6 8. Nd2 Ne7 9. Ngf3 Nf5 10. 0-0 Qa6 11. c4 Nd7 12. b3 Be7 13. Rfe1 Rd8 14. Qc3 Qb6 15. Bxe7 Kxe7 16. c5 Qc7 17. b4 Nf8 18. b5 cxb5 1/2-1/2

[Event "Terre degli Elimi op 5th"]
[Site "Erice"]
[Date "2014.07.22"]
[Round "5"]
[White "Ravagnani, Tiziano"]
[Black "Violi, Vincenzo"]
[Result "1-0"]
[WhiteElo "2006"]
[BlackElo "1839"]
[PlyCount "81"]
[EventDate "2014.07.19"]
[EventType "swiss"]
[EventRounds "9"]
[EventCountry "ITA"]
[SourceTitle "CBM 161 Extra"]
[Source "ChessBase"]
[SourceDate "2014.08.29"]
[SourceVersion "1"]
[SourceVersionDate "2014.08.29"]
[SourceQuality "1"]

1. e4 c5 2. Nf3 d6 3. d4 cxd4 4. Nxd4 Nf6 5. Nc3 a6 6. Bg5 e6 7. f4 Qc7 8. Qf3 Nc6 9. 0-0-0 Bd7 10. Nxc6 Bxc6 11. f5 Be7 12. fxe6 fxe6 13. Bd3 0-0-0 14. Qh3 Bd7 15. Rhe1 Qa5 16. Bd2 Qe5 17. Qe3 Kb8 18. Bxa6 Bc6 19. Qb6 Nd7 20. Qb4 Nc5 21. Bb5 d5 22. Qa5 d4 23. Ne2 Qxe4 24. Bxc6 bxc6 25. Ng3 Qd5 26. Qb6+ Kc8 27. Ba5 Rd7 28. Bb4 Rb7 29. Bxc5 Rxb6 30. Bxb6 e5 31. Kb1 Kb7 32. Bxd4 exd4 33. Rxe7+ Kb6 34. Rxg7 Qxg2 35. a3 Rf8 36. Rxh7 Rf2 37. Rxd4 Rxc2 38. Rb4+ Kc5 39. Rd7 Rc4 40. Rbb7 Qxh2 41. b4+ 1-0

[Event "Terre degli Elimi op 5th"]
[Site "Erice"]
[Date "2014.07.20"]
[Round "2"]
[White "Violi, Vincenzo"]
[Black "Volkers, Annemarie"]
[Result "0-1"]
[WhiteElo "1839"]
[BlackElo "2019"]
[PlyCount "56"]
[EventDate "2014.07.19"]
[EventType "swiss"]
[EventRounds "9"]
[EventCountry "ITA"]
[SourceTitle "CBM 161 Extra"]
[Source "ChessBase"]
[SourceDate "2014.08.29"]
[SourceVersion "1"]
[SourceVersionDate "2014.08.29"]
[SourceQuality "1"]

1. e4 c5 2. Nf3 Nc6 3. d4 cxd4 4. Nxd4 e6 5. Nc3 Qc7 6. g3 a6 7. Bg2 Nf6 8. 0-0 d6 9. Re1 Bd7 10. Nxc6 Bxc6 11. Nd5 Qd8 12. Be3 Nd7 13. Qd2 h6 14. f4 Nc5 15. Qf2 Bb5 16. Nc3 Bc6 17. Rad1 Qa5 18. Nd5 Nd7 19. b4 Qd8 20. c4 Ba4 21. Nb6 Nxb6 22. Bxb6 Qc8 23. e5 Bxd1 24. Rxd1 Qxc4 25. exd6 Kd7 26. Bxb7 Rb8 27. Qf3 Qb5 28. Rc1 Qxb6+ 0-1

[Event "Costa Viola op 3rd"]
[Site "St Eufemia d'Aspromonte"]
[Date "2010.01.05"]
[Round "6"]
[White "Costantino, Gregorio"]
[Black "Violi, Vincenzo"]
[Result "1/2-1/2"]
[WhiteElo "1434"]
[BlackElo "1605"]
[PlyCount "48"]
[EventDate "2010.01.02"]
[EventType "swiss"]
[EventRounds "7"]
[EventCountry "ITA"]
[SourceTitle "EXT 2011"]
[Source "ChessBase"]
[SourceDate "2010.11.26"]
[SourceVersion "1"]
[SourceVersionDate "2010.11.26"]
[SourceQuality "1"]

1. d4 Nf6 2. Nf3 e6 3. Bf4 b6 4. e3 Bb7 5. Bd3 c5 6. c3 Nc6 7. Nbd2 Be7 8. 0-0 0-0 9. Ne5 d6 10. Ng4 Nd5 11. Bg3 Nc7 12. h3 f5 13. Nh2 Bh4 14. Bxh4 Qxh4 15. Ndf3 Qf6 16. Re1 e5 17. Bc4+ d5 18. Bb3 c4 19. Bc2 e4 20. Nd2 f4 21. exf4 Qxf4 22. f3 e3 23. Ndf1 Rae8 24. Qe2 Re7 1/2-1/2